Análisis de la cultura lectora en alumnos universitarios /
El artículo presenta los resultados de un proyecto de fomento a la lectura que se desarrolló en la Facultad de Lenguas de Universidad Autónoma del Estado de México, en el período 2007-2008, en el que se aplicó una encuesta a 210 estudiantes para evaluar los hábitos de lectura y el consumo cultural d...
Tallennettuna:
| Päätekijä: | |
|---|---|
| Muut tekijät: | |
| Aineistotyyppi: | Teksti |
| Aiheet: | |
| Tagit: |
Lisää tagi
Ei tageja, Lisää ensimmäinen tagi!
|
MARC
| LEADER | 00000 a a2200000 04500 | ||
|---|---|---|---|
| 001 | 40657 | ||
| 003 | |||
| 040 | |||
| 100 | |a Nava Gómez, Guadalupe Nancy | ||
| 245 | |a Análisis de la cultura lectora en alumnos universitarios / |c Guadalupe Nancy Nava Gómez ; Celene García Avila | ||
| 520 | |a El artículo presenta los resultados de un proyecto de fomento a la lectura que se desarrolló en la Facultad de Lenguas de Universidad Autónoma del Estado de México, en el período 2007-2008, en el que se aplicó una encuesta a 210 estudiantes para evaluar los hábitos de lectura y el consumo cultural de esa población. Los resultados muestran que la población entre los 18 y 22 años reporta los índices más altos entre la población lectora y consideran que la lectura pertenece a una actividad exclusivamente escolar. | ||
| 590 | |a RRH/NOVIEMBRE2012 | ||
| 650 | |a 1.LECTURA | ||
| 650 | |a 2.EDUCACION | ||
| 650 | |a 3.HABITOS | ||
| 650 | |a 4.ACADEMIA | ||
| 650 | |a 5.CULTURA | ||
| 650 | |a 6.CONSUMO | ||
| 700 | |a García Avila, Celene | ||
| 773 | |g volumen33, número1 ( , 2009) páginas 41-59 | ||
| 999 | |c 34434 |d 34434 | ||
